La science contre ses maitres

Uloženo v:
Podrobná bibliografie
Hlavní autor: Maestre, Claude-Jerôme
Médium: Kniha
Jazyk:Undetermined
Vydáno: Paris Bernard Grasset 1973
Témata:
Tagy: Přidat tag
Žádné tagy, Buďte první, kdo otaguje tento záznam!
Thư viện lưu trữ: Trung tâm Học liệu Trường Đại học Cần Thơ
LEADER 00513nam a2200193Ia 4500
001 CTU_84138
008 210402s9999 xx 000 0 und d
082 |a 301 
082 |b M186 
100 |a Maestre, Claude-Jerôme 
245 0 |a La science contre ses maitres 
245 0 |c Claude-Jerôme Maestre 
260 |a Paris 
260 |b Bernard Grasset 
260 |c 1973 
650 |a Science 
650 |x Social aspects 
904 |i QHieu(sửa) 
980 |a Trung tâm Học liệu Trường Đại học Cần Thơ